| 000 | 01013nam a22003257a 4500 | ||
|---|---|---|---|
| 003 | CHAP | ||
| 005 | 20220817042831.0 | ||
| 008 | 971013s1977 r 00010 d | ||
| 010 | _a57189 | ||
| 011 | _a58161 | ||
| 035 | _a62316 | ||
| 040 | _cCHAP | ||
| 082 |
_a338.9 _bS68Y |
||
| 100 | 0 | 0 |
_aSquire, Lyn. _9109324 |
| 245 | _aAnálisis económico de proyectos | ||
| 260 |
_aMadrid : _bTecnos, _c1977 |
||
| 300 | _a169 p. | ||
| 590 |
_aBATCH-UPD _b10 _c20130110 _lUCH01 _h0518 |
||
| 590 |
_aBATCH-UPD _b10 _c20130110 _lUCH01 _h2342 |
||
| 590 |
_aBATCH-UPD _b10 _c20130410 _lUCH01 _h0157 |
||
| 590 |
_aBATCH-UPD _b10 _c20130914 _lUCH01 _h1151 |
||
| 590 |
_aCONVERSION _b10 _c20130109 _lUCH01 _h1331 |
||
| 650 | 1 | 4 | _aDesarrollo económico. |
| 650 | 1 | 4 |
_aProyectos _xEvaluación. _992525 |
| 700 | 0 |
_aVan der Tak, G. _9117740 |
|
| 901 | _aBK | ||
| 942 | _cLIBRO | ||
| 949 |
_a338.9 S68Y _bBC _cLIBRO _d33724000108791 _eLIBRO _h45647 _i62316 _si |
||
| 949 |
_a338.9 S68Y _bBC _cLIBRO _d33724000108809 _eLIBRO _fc.2 _h68912 _i62316 _si |
||
| 999 |
_c57189 _d57189 |
||